| 000 | 00553nam a2200217Ia 4500 | ||
|---|---|---|---|
| 003 | OSt | ||
| 005 | 20220913153137.0 | ||
| 008 | 210210b1989 xxu||||| |||| 00| 0 eng d | ||
| 020 | _a8170193311 | ||
| 040 | _cAL | ||
| 041 | _aeng | ||
| 082 | _a597 DAYF | ||
| 100 |
_aDAY (Francis) _957366 |
||
| 245 | _aFauna of british India Ceylon and Burma: fishes Vol I | ||
| 260 |
_aNew Delhi _bToday & Tomorrows Printers and Publishers _c1989 |
||
| 300 | _axx, 548 | ||
| 440 |
_aI _957367 |
||
| 690 |
_aFishes _957368 |
||
| 906 | _a069452 | ||
| 942 |
_2ddc _cBK |
||
| 999 |
_c118929 _d118929 |
||